000 00840nam a22002175i 4500
001 161475
003 ES-MaACL
005 20250716063320.0
008 950614s1846 sp |||| | spa d
040 _aCLM
_bspa
_cCCPB | SIC
100 1 _aPascal, Blaise,
_d1623-1662
_989307
245 1 4 _aLas célebres cartas provinciales de Blas Pascal sobre la moral y la política de los jesuitas.
250 _aEd. española
_brevisada, cotejada y añadida por Francisco de Paula Montejo.
260 _aMadrid :
_b[s.n.],
_c1846 (
_fImprenta del Colegio de Sordo-Mudos y Ciegos)
300 _aXVI, 350 p. ;
_c20 cm.
610 2 4 _aJesuitas-
_vObras de controversia.
_9151987
650 4 _aJansenismo.
_9151988
700 1 _aMontejo, Francisco de Paula.
_9130089
852 _aES-MaACL
_jD-1950
_z-- Enc. hol.
999 _c161475
_d161475